| 000 | 00967cam a22002535a 4500 | ||
|---|---|---|---|
| 001 | 3089865 | ||
| 005 | 20170329112739.0 | ||
| 008 | 980908s1999 nyu frb 000 0 eng d | ||
| 020 | _a9781890951009 | ||
| 040 |
_aDLC _cDLC _dDLC _dEG-ScBUE _beng |
||
| 082 | 0 | 4 |
_222 _a323 _bHUM |
| 245 | 0 | 0 |
_aHuman rights in political transitions : _bGettysburg to Bosnia / _cedited by Carla Hesse & Robert Post. |
| 260 |
_aNew York : _bZone Books, _c1999. |
||
| 300 |
_a344 p. ; _c23 cm. |
||
| 504 | _aIncludes bibliographical references. | ||
| 650 | 7 |
_aHuman rights. _2BUEsh _911033 |
|
| 651 | _2BUEsh | ||
| 653 |
_bBUSBOL _cMarch2017 |
||
| 700 | 1 |
_aHesse, Carla Alison, _eeditor. |
|
| 700 | 1 |
_aPost, Robert, _d1947- _eeditor. |
|
| 906 |
_a7 _bcbc _corignew _d1 _eocip _f19 _gy-gencatlg |
||
| 942 | _2ddc | ||
| 999 |
_c24564 _d24536 |
||